000 00615nam a2200193Ia 4500
003 GCL
008 140319s9999 xx 000 0 ara d
040 _aGCL /
_cGCL
082 0 4 _a321.8
_bا م
100 1 _aاحمد الحسين
245 1 0 _aالمصير الديمقراطى /
_cاحمد الحسين
300 _a130 ص
490 _aالهيئة العامة للاستعلامات
_v0
650 0 4 _aالديمقراطية
650 0 4 _aالعلوم السياسية
650 0 4 _aاسرائيل - العلاقات الخارجية
650 0 4 _aالبنوك الاجنية - مصر
942 _2ddc
_cBK
999 _c51566
_d51566